CORPORATE GOVERNANCE IN INDIA (Record no. 16320)

MARC details
000 -LEADER
fixed length control field 00309nam a22001337a 4500
003 - CONTROL NUMBER IDENTIFIER
control field SGT
020 ## - INTERNATIONAL STANDARD BOOK NUMBER
International Standard Book Number 9780199469321
082 ## - DEWEY DECIMAL CLASSIFICATION NUMBER
Classification number 657.95
Item number BHAT
100 ## - MAIN ENTRY--PERSONAL NAME
Personal name BHATTACHARYYA, ASISH K.
245 ## - TITLE STATEMENT
Title CORPORATE GOVERNANCE IN INDIA
260 ## - PUBLICATION, DISTRIBUTION, ETC. (IMPRINT)
Name of publisher, distributor, etc OXFORD UNIVERSITY PRESS
Year of Publication 2016
300 ## - PAGE DESCRIPTION
No. of Pages 309
942 ## - ADDED ENTRY ELEMENTS (KOHA)
Source of classification or shelving scheme Dewey Decimal Classification
Koha item type Books
942 ## - ADDED ENTRY ELEMENTS (KOHA)
-- 2
Holdings
Withdrawn status Lost status Source of classification or shelving scheme Damaged status Not for loan Collection code Home library Current library Shelving location Date acquired Vendor Name Cost, normal purchase price SGTU Bill Number Total Checkouts Full call number Accession No. (Barcode) Date last seen Date last borrowed Bill Date Koha item type
    Dewey Decimal Classification     COMMERCE MANAGEMENT SGT Science & Social Sciences Library SGT Science & Social Sciences Library Text Book 14/12/2018 KIRTI PRAKASHAN 895.00 SGTU IN1748 1 657.95 BHAT CM5073 11/03/2020 27/02/2020   Books
    Dewey Decimal Classification     COMMERCE MANAGEMENT SGT Science & Social Sciences Library SGT Science & Social Sciences Library Text Book 14/12/2018 KIRTI PRAKASHAN 895.00 SGTU IN1748 3 657.95 BHAT CM5074 11/12/2024 26/09/2024   Books
    Dewey Decimal Classification     COMMERCE MANAGEMENT SGT Science & Social Sciences Library SGT Science & Social Sciences Library Text Book 14/12/2018 KIRTI PRAKASHAN 895.00 SGTU IN1748 2 657.95 BHAT CM5075 13/03/2020 04/03/2020   Books